| 000 | 01137nam a2200289 a 4500 | ||
|---|---|---|---|
| 001 | BRCA_7510 | ||
| 005 | 20190320205851.0 | ||
| 008 | 090513m19141918gw-a######---#000-0#ger-# | ||
| 041 | _ager | ||
| 044 | _agw | ||
| 050 | 4 |
_aN7832 _b.W85 1914 |
|
| 100 | 1 |
_aWulff, Oskar _918515 |
|
| 245 | 1 | 0 |
_aAltchristliche und Byzantinische kunst _cvon Oskar Wulff ; begründet von Fritz Burger ; herausgegeben von A. E. Brinckmann. |
| 260 |
_aBerlín _bAkademische Verlagsgesellschaft Athenaion _c1914-1918 |
||
| 300 |
_a2 v. _bil. (algunas a color), 33 láminas _c29 cm. |
||
| 440 | 0 |
_aHandbuch der Kunstwissenschaft _918516 |
|
| 500 | _aIncluye tabla cronológica e índice de ilustraciones | ||
| 500 | _aR47 | ||
| 505 | 0 | _av.1 Die altchristliche Kunst: von ihren anfängen bis zur mitte des ersten jahrhunderts.-- v.2 Die Byzantinische Kunst: von der ersten blüte bis zur ihren ausgang | |
| 650 | 1 | 4 |
_aArte cristiano antiguo _915065 |
| 650 | 1 | 4 |
_aArte bizantino _918517 |
| 650 | 1 | 4 |
_aArquitectura religiosa _xHistoria _97864 |
| 700 | 1 |
_aBurger, Fritz _918518 |
|
| 700 | 1 |
_aBrinckmann, A. E. _eed. _918519 |
|
| 902 | _aGFM | ||
| 942 |
_2lcc _cB |
||
| 999 |
_c7184 _d7184 |
||